000 00414pab a2200157 454500
008 180718b2005 xxu||||| |||| 00| 0 eng d
100 _aKarnik, Ajit
245 _aState finances: continuous deterioration, bleak prospects
260 _c2005
300 _ap.403-27.
362 _aJul-Sep
650 _aPublic finance
773 _aJournal of Indian School of Political Economy
908 _aN
909 _a73365
999 _c73365
_d73365